Direito previdenciário / (Record no. 592)

MARC details
000 -LÍDER
Campo Fixo de Controle 00856nam a2200265 a 4500
001 - NÚMERO DE CONTROLE
Campo de Controle 592
003 - IDENTIFICAÇÃO DO NÚMERO DE CONTROLE
Campo de Controle BR-CuiBMT
005 - DATA E HORA DA ÚLTIMA ATUALIZAÇÃO
Campo de Controle 20231129144119.0
008 - DADOS FIXOS
Dados Fixos 231109s2009 spb 001 0 por d
020 ## - INTERNATIONAL STANDARD BOOK NUMBER
Nº do ISBN 9788522454518
040 ## - AGÊNCIA CATALOGADORA
Código da Agência Catalogadora BR-CuiBMT
Agência que transcreveu o registro BR-CuiBMT
080 ## - Nº DA CLASSIFICAÇÃO DECIMAL UNIVERSAL
Nº Class. CDU 2007
Nº edição CDU 349.3
Subd. Auxiliar Comum (079)
090 ## - NÚMERO DE CHAMADA
Nº classificação 349.3(079)
Cutter S729d
Ano/Edição 4. ed.
100 1# - ENTRADA PRINCIPAL -- AUTOR PESSOAL
Nome pessoal Souza Lilian Castro de
245 10 - TÍTULO PRINCIPAL
Título principal Direito previdenciário /
Indicação de responsabilidade Lilian Castro de Souza.
250 ## - EDIÇÃO
Edição 4. ed.
260 ## - PUBLICAÇÃO, DISTRIBUIÇÃO, ETC.
Local de publicação São Paulo :
Editora Atlas,
Data 2009.
300 ## - DESCRIÇÃO FÍSICA
N. páginas ou volumes 250 p. ;
Dimensões 21 cm
490 1# - INDICAÇÃO DE SÉRIE
Título da série Série leituras jurídicas : provas e concursos ;
Volume/designação sequencial da série v. 27
504 ## - NOTA DE BIBLIOGRAFIA, ETC.
Nota de bibliografia Inclui bibliografia e índice.
650 ## - ASSUNTO TÓPICO
Cabeçalho tópico ou nome geográfico Direito previdenciário
Subdivisão geral Concursos, testes, exames
650 ## - ASSUNTO TÓPICO
Cabeçalho tópico ou nome geográfico Direito previdenciário
Subdivisão de forma Legislação
Subdivisão geográfica Brasil
830 #0 - ENTRADA SECUNDÁRIA DE SÉRIE -- TÍTULO UNIFORME
Título uniforme Leituras jurídicas : provas e concursos ;
Nº do volume/designação sequencial da série 27
942 ## - ELEMENTOS DE ENTRADA ADICIONAIS (KOHA)
Fonte de classificação ou esquema de arquivamento Classificação Decimal Universal
Tipo de item do Koha Livros
Holdings
Estado: removido Estado: perdido Fonte de classificação ou esquema de arquivamento Estado: danificado Indisponível para empréstimo Localização permanente Localização atual Data de aquisição Total Checkouts Número de Chamada completo Código de barras Date last seen Número do exemplar Preço efetivo a partir de Tipo de item (Koha)
    Classificação Decimal Universal     Biblioteca da Escola Superior de Contas do TCE/MT Biblioteca da Escola Superior de Contas do TCE/MT 09/11/2023   349.3(079) S729d 4. ed. BIBTCEMT23110403 09/11/2023 Ex. 1 09/11/2023 Livros

Powered by Koha